Geography Quiz

Random Geography or State Quiz

US States by Largest 'Q' Places Quiz Stats

Quiz not verified by Sporcle

Challenge
Share
Tweet
Several states have no places that start with 'Q.' I recommend starting with 'NONE' and working from there.
Score 0/18 Timer 08:00
0 Plays Today
City State % Correct
NONE (26)Alabama/California/Colorado/Connecticut/ Delaware/Georgia/Hawaii/Idaho/ Indiana/Kentucky/Maine/Minnesota/ Montana/Nebraska/Nevada/New Hampshire/ New York/North Carolina/North Dakota/Ohio/ Oregon/Tennessee/Utah/Vermont/ Wisconsin/Wyoming
97.6%
Quincy (5)Florida/Illinois/Massachusetts/Michigan/ Washington
95.8%
QuanticoVirginia
88%
QuakertownPennsylvania
87.3%
Queen CreekArizona
74.7%
Quitman (3)Arkansas/Louisiana/Mississippi
74.1%
QuinhagakAlaska
72.3%
QuonochontagRhode Island
71.7%
Quinton (2)New Jersey/Oklahoma
66.3%
City State % Correct
QuestaNew Mexico
66.3%
QuanahTexas
65.7%
QueenstownMaryland
64.5%
QuinterKansas
63.9%
QuinnSouth Dakota
63.9%
Queen CityMissouri
62.7%
QuinwoodWest Virginia
62%
QuasquetonIowa
61.4%
QuinbySouth Carolina
61.4%

You're not logged in!

Compare scores with friends on all Sporcle quizzes.
Join for Free
OR
Log In

You Might Also Like...

Show Comments

Extras

Top Quizzes Today


Score Distribution

Your Account Isn't Verified!

In order to create a playlist on Sporcle, you need to verify the email address you used during registration. Go to your Sporcle Settings to finish the process.

Report this User

Report this user for behavior that violates our Community Guidelines.

Details: